Commercial Fruit Processing /
Gardado en:
| Autor Principal: | |
|---|---|
| Formato: | Libro |
| Idioma: | inglés |
| Publicado: |
EUA :
Avi,
1975
|
| Temas: | |
| Etiquetas: |
Sen Etiquetas, Sexa o primeiro en etiquetar este rexistro!
|
MARC
| LEADER | 00000nam^a2200000^a^4500 | ||
|---|---|---|---|
| 001 | 000017858 | ||
| 005 | 20250521000000.0 | ||
| 009 | 20260310084155.224 | ||
| 037 | |a Acervo ITESO - Biblioteca | ||
| 041 | |a ING | ||
| 082 | |a 664. 8 |b WOO | ||
| 100 | |a Woodroof, Jasper Guy |e (autor) | ||
| 245 | 1 | 0 | |a Commercial Fruit Processing / |c J.G. Woodroof. |
| 264 | 1 | |a EUA : |b Avi, |c 1975 | |
| 300 | |a 710 p. | ||
| 336 | |a texto |b txt |2 rdacontenido | ||
| 337 | |a sin mediación |b n |2 rdamedio | ||
| 338 | |a volumen |b nc |2 rdasoporte | ||
| 649 | |a XX | ||
| 650 | |a Industria Alimenticia | ||
| 650 | |a Frutas | ||
| 910 | |a Fondo General | ||
| 920 | |a Impresos - Libros | ||
| 930 | |a Colección General | ||
| 905 | |a 101 | ||
| 901 | |a 0178580100 |b IT1 |c ACC |i 017858 |u 20250521 | ||
| 902 | |a https://opac.biblio.iteso.mx/vufind/Record/000017858 | ||